[Event "12sen.WM-H Naumburg"]
[Site "Naumburg/Saale(20.10.-03.11.)"]
[Date "2002.10.31"]
[Round "9"]
[White "Rost, Wolfgang_Dr"]
[Black "Karol, Wolfgang"]
[Result "1-0"]
[WhiteElo "1839"]
[BlackElo "1630"]
[PlyCount "81"]
[EventDate "2002.11.??"]

1. e4 c6 2. d4 d5 3. Nc3 dxe4 4. f3 e6 5. fxe4 Bb4 6. Nf3 Nf6 7. Bg5 h6 8. Bxf6
Qxf6 9. a3 Ba5 10. Bc4 b5 11. Bb3 Ba6 12. a4 Qf4 13. Qd2 Bxc3 14. bxc3 Qxe4+
15. Kf2 O-O 16. Rhe1 Qf5 17. Re5 Qf6 18. axb5 Bxb5 19. c4 Ba6 20. Rea5 g5 21.
Kg1 Bb7 22. Rxa7 Rxa7 23. Rxa7 Ba6 24. Qa5 g4 25. Qe5 Qxe5 26. Nxe5 h5 27. c5
Bc8 28. Bc4 Kg7 29. Kf2 Kh6 30. Rxf7 Rxf7+ 31. Nxf7+ Kg7 32. Nd6 Bd7 33. Kg3
Kh6 34. Kf4 h4 35. g3 hxg3 36. hxg3 Kg6 37. Ke5 Kg7 38. Bd3 Kf8 39. Kf6 Be8 40.
Nxe8 Kxe8 41. Kxe6 1-0

[Event "12sen.WM-H Naumburg"]
[Site "Naumburg/Saale(20.10.-03.11.)"]
[Date "2002.10.31"]
[Round "9"]
[White "Roth, Karl_Heinz"]
[Black "Schwagrowski, Bernd"]
[Result "0-1"]
[WhiteElo "1632"]
[BlackElo "1543"]
[PlyCount "98"]
[EventDate "2002.11.??"]

1. d4 Nf6 2. c4 g6 3. Nf3 Bg7 4. Nc3 O-O 5. e4 d6 6. Be2 Nbd7 7. O-O c6 8. b4
Qc7 9. Qd3 e5 10. d5 a5 11. Ba3 axb4 12. Bxb4 c5 13. Nb5 Qb8 14. Bd2 Nh5 15.
Nh4 Ndf6 16. Bg5 Nf4 17. Qd2 Nxe4 18. Qc2 Nxe2+ 19. Qxe2 Nxg5 20. Rab1 f5 21.
Rb3 e4 22. f4 Nf7 23. g4 Nh6 24. g5 Nf7 25. Ng2 Bd7 26. h4 Bxb5 27. Rxb5 Ra3
28. h5 Qa7 29. Rfb1 Rxa2 30. Qe1 Nd8 31. h6 Bd4+ 32. Kh1 Re8 33. Ne3 Ra1 34.
Nc2 Rxb1 35. Qxb1 Qa4 36. Nxd4 cxd4 37. Rb4 Qa7 38. Rb6 d3 39. Qb2 Re7 40. Rxd6
Qb8 41. c5 Qc7 42. Qd4 d2 43. Qxd2 Nf7 44. Qd4 Nxd6 45. cxd6 Qxd6 46. Qc4 Qc7
47. Qb3 Rf7 48. Kg2 Qxf4 49. Qc3 Qf3+ 0-1

[Event "12sen.WM-H Naumburg"]
[Site "Naumburg/Saale(20.10.-03.11.)"]
[Date "2002.10.31"]
[Round "9"]
[White "Rubinstein, Mark"]
[Black "Rettler, Heinz"]
[Result "1/2-1/2"]
[WhiteElo "2012"]
[BlackElo "2167"]
[PlyCount "120"]
[EventDate "2002.11.??"]

1. d4 Nf6 2. Nf3 g6 3. Bg5 Bg7 4. e3 O-O 5. Bd3 d6 6. c3 c5 7. Nbd2 cxd4 8.
cxd4 Nc6 9. O-O Bd7 10. a3 a6 11. b4 b5 12. Rb1 Qb6 13. Nb3 Be6 14. Qe2 Rfe8
15. Rfd1 Rac8 16. h3 h6 17. Bf4 Nd5 18. Qd2 Nxf4 19. exf4 Bxb3 20. Rxb3 Nxd4
21. Nxd4 Qxd4 22. f5 g5 23. a4 Rc3 24. Rxc3 Qxc3 25. axb5 Qxd2 26. Rxd2 axb5
27. Re2 Kf8 28. Rc2 Rb8 29. Rc7 Bb2 30. Ra7 Bc3 31. Ra5 Bxb4 32. Rxb5 Rxb5 33.
Bxb5 Kg7 34. g4 Kf6 35. Kg2 e6 36. Bd3 Ke5 37. Kf3 Kd4 38. Ke2 Ba5 39. f3 Bc7
40. Bb5 Ke5 41. Be8 Kf6 42. fxe6 fxe6 43. Bd7 Bb6 44. Ba4 d5 45. Bb5 Ke5 46.
Bd7 Kd6 47. Ba4 Bg1 48. Kd3 Ke5 49. Bd7 d4 50. Ke2 Be3 51. Bc8 Bg1 52. Bd7 Be3
53. Bc8 Bc1 54. Bd7 Kd5 55. Bc8 Ke5 56. Bd7 Kf4 57. Bxe6 Kg3 58. Bf5 Kxh3 59.
Bg6 Kg3 60. Bd3 Kf4 1/2-1/2

[Event "12sen.WM-H Naumburg"]
[Site "Naumburg/Saale(20.10.-03.11.)"]
[Date "2002.10.31"]
[Round "9"]
[White "Rychlik, Kurt"]
[Black "Rueggeberg, Wilhelm"]
[Result "1-0"]
[WhiteElo "2078"]
[BlackElo "1814"]
[PlyCount "120"]
[EventDate "2002.11.??"]

1. d4 Nf6 2. c4 e6 3. a3 d5 4. Nc3 c6 5. e3 Nbd7 6. Nf3 Qc7 7. b4 Be7 8. Bb2
O-O 9. Rc1 Qb8 10. Bd3 e5 11. cxd5 cxd5 12. dxe5 Nxe5 13. Be2 Rd8 14. Nb5 Nc4
15. Bxc4 dxc4 16. Qe2 Be6 17. Be5 Qc8 18. Nc7 b5 19. Nxa8 Qxa8 20. Bd4 Ne4 21.
O-O Bg4 22. h3 Bh5 23. g4 Bg6 24. Ne5 Ng5 25. f4 Bd3 26. Nxd3 cxd3 27. Qg2 Ne4
28. g5 a6 29. Rfd1 d2 30. Rc2 Qd5 31. Bb6 Rd7 32. Rc8+ Bf8 33. Bc5 Nxc5 34.
Qxd5 Rxd5 35. bxc5 Rxc5 36. Rxc5 Bxc5 37. Kf2 Bxa3 38. Rxd2 Kf8 39. Rd8+ Ke7
40. Ra8 Bc5 41. Rxa6 b4 42. Ke2 b3 43. Ra5 b2 44. Rb5 Ba3 45. Kd3 Kd6 46. e4
Kc6 47. Rb3 f6 48. gxf6 gxf6 49. f5 h6 50. Kc2 Bd6 51. Rxb2 Be5 52. Rb1 Kd6 53.
Kd3 Bf4 54. Ke2 Bg5 55. Kf3 h5 56. Rb8 Ke7 57. Rh8 h4 58. Kg4 Kd6 59. Rg8 Ke5
60. Rxg5 fxg5 1-0

[Event "12sen.WM-H Naumburg"]
[Site "Naumburg/Saale(20.10.-03.11.)"]
[Date "2002.10.31"]
[Round "9"]
[White "Scheide, Helmut"]
[Black "Villing, Dieter"]
[Result "0-1"]
[WhiteElo "2014"]
[BlackElo "2183"]
[PlyCount "68"]
[EventDate "2002.11.??"]

1. d4 Nf6 2. c4 d6 3. Nc3 Nbd7 4. e4 e5 5. d5 Be7 6. Nge2 O-O 7. Ng3 g6 8. Be2
Re8 9. Be3 h5 10. f3 h4 11. Nf1 Nh5 12. g3 Bg5 13. Bxg5 Qxg5 14. f4 exf4 15.
Bxh5 gxh5 16. Qd2 Ne5 17. O-O-O Nxc4 18. Qxf4 f6 19. Qxg5+ fxg5 20. gxh4 gxh4
21. Rg1+ Kh7 22. Nb5 Bg4 23. Rd4 Ne5 24. Nd2 Rf8 25. Kb1 Rf2 26. Nxc7 Rg8 27.
Nb5 Rxh2 28. Nxd6 h3 29. Rf1 Rg2 30. Nf7 Nxf7 31. Rxf7+ Rg7 32. Rxg7+ Kxg7 33.
d6 h2 34. d7 h1=Q+ 0-1

[Event "12sen.WM-H Naumburg"]
[Site "Naumburg/Saale(20.10.-03.11.)"]
[Date "2002.10.31"]
[Round "9"]
[White "Schlag, Franz"]
[Black "Ljubarskij, Jurij"]
[Result "0-1"]
[WhiteElo "2155"]
[BlackElo "2317"]
[PlyCount "96"]
[EventDate "2002.11.??"]

1. Nc3 e5 2. d3 f5 3. g3 Nf6 4. Bg2 d5 5. Bg5 c6 6. e3 Bd6 7. Nge2 O-O 8. d4 e4
9. h4 Be6 10. Nf4 Bf7 11. Nce2 h6 12. Bxf6 Qxf6 13. c3 Nd7 14. a4 a5 15. Qb3
Rfb8 16. h5 b5 17. Rb1 b4 18. cxb4 Rxb4 19. Qc2 c5 20. O-O Bxf4 21. gxf4 Bxh5
22. Ng3 Bf7 23. dxc5 Rc4 24. Qd2 Nxc5 25. b3 Rb4 26. Qc2 Nd3 27. Ne2 g5 28. Qc7
Qb6 29. Qxb6 Rxb6 30. fxg5 hxg5 31. Nd4 Bg6 32. Rfd1 Rab8 33. Bf1 f4 34. Bxd3
exd3 35. Rbc1 Re8 36. Rc5 fxe3 37. fxe3 Be4 38. Kf2 Rf6+ 39. Kg3 Ref8 40. Rd2
Rf1 41. Rxa5 Rg1+ 42. Kh2 Rff1 43. Ra8+ Kh7 44. Ra7+ Kh6 45. Nf5+ Bxf5 46. Rf7
Rh1+ 47. Kg3 Rfg1+ 48. Rg2 d2 0-1

[Event "12sen.WM-H Naumburg"]
[Site "Naumburg/Saale(20.10.-03.11.)"]
[Date "2002.10.31"]
[Round "9"]
[White "Schneiderheinze, Roland"]
[Black "De_Mol, Fer"]
[Result "1-0"]
[WhiteElo "1754"]
[BlackElo "1313"]
[PlyCount "69"]
[EventDate "2002.11.??"]

1. d4 Nf6 2. c4 e6 3. Nf3 Be7 4. Nc3 c6 5. e4 d6 6. Bg5 h6 7. Bh4 Nbd7 8. Bd3
g5 9. Bg3 Nh5 10. e5 Qc7 11. exd6 Bxd6 12. Bxd6 Qxd6 13. Ne4 Qc7 14. c5 Nf4 15.
Nd6+ Ke7 16. Bf1 b6 17. b4 bxc5 18. bxc5 Qa5+ 19. Nd2 Rb8 20. g3 Nd5 21. Qh5
Rf8 22. Qxh6 Rb2 23. N6c4 Qc3 24. Nxb2 Qxb2 25. Rb1 Qxd4 26. Qxg5+ f6 27. Qh4
Qe5+ 28. Qe4 Nxc5 29. Qxe5 fxe5 30. Rc1 Na4 31. Bc4 Ndb6 32. Bb3 Nb2 33. Kf1
Kd6 34. Rc2 a5 35. Rxb2 1-0

[Event "12sen.WM-H Naumburg"]
[Site "Naumburg/Saale(20.10.-03.11.)"]
[Date "2002.10.31"]
[Round "9"]
[White "Schober, Manfred"]
[Black "Wunderer, Eckart"]
[Result "1-0"]
[WhiteElo "2047"]
[BlackElo "2206"]
[PlyCount "65"]
[EventDate "2002.11.??"]

1. d4 Nf6 2. Nf3 d6 3. c4 c6 4. Nc3 Nbd7 5. e4 e5 6. d5 Be7 7. Be2 O-O 8. O-O
Nc5 9. Nd2 cxd5 10. cxd5 a5 11. b3 b6 12. Bb2 Ba6 13. Bxa6 Rxa6 14. Qe2 Ra8 15.
Rac1 g6 16. g3 Nh5 17. Rc2 Bg5 18. Nc4 f5 19. f3 fxe4 20. Nxe4 Nxe4 21. fxe4
Rxf1+ 22. Kxf1 b5 23. Na3 b4 24. Nc4 a4 25. Qg4 axb3 26. axb3 Be7 27. Qe6+ Kg7
28. Rf2 Nf6 29. g4 h6 30. h4 g5 31. Ne3 Ng8 32. Rf7+ Kh8 33. Qg6 1-0

[Event "12sen.WM-H Naumburg"]
[Site "Naumburg/Saale(20.10.-03.11.)"]
[Date "2002.10.31"]
[Round "9"]
[White "Schoenegg, Werner"]
[Black "Kloos, Gerhard"]
[Result "0-1"]
[WhiteElo "2015"]
[BlackElo "1672"]
[PlyCount "79"]
[EventDate "2002.11.??"]

1. f4 Nf6 2. Nf3 d6 3. e3 c5 4. b3 e6 5. Bb2 Nbd7 6. c4 b6 7. Bd3 Bb7 8. O-O
Qc7 9. Nc3 Be7 10. Qe1 a6 11. Bc2 d5 12. cxd5 exd5 13. Bf5 b5 14. Bxd7+ Nxd7
15. Ne2 Bf6 16. d4 c4 17. Ne5 O-O 18. Rc1 Qd6 19. Ng3 Bh4 20. Bc3 Nxe5 21. fxe5
Qg6 22. Bb4 Rfe8 23. Rf3 Bc8 24. bxc4 bxc4 25. Qd2 Bd8 26. Rcf1 Rb8 27. Bd6 Rb5
28. Nf5 Bxf5 29. Rxf5 Rb1 30. Rxb1 Qxf5 31. g3 Qxb1+ 32. Kg2 Be7 33. Bxe7 Rxe7
34. Qa5 Qe4+ 35. Kh3 Re8 36. Qxa6 h5 37. Qb7 Qg4+ 38. Kg2 Qe2+ 39. Kh3 c3 40.
Qd7 0-1

[Event "12sen.WM-H Naumburg"]
[Site "Naumburg/Saale(20.10.-03.11.)"]
[Date "2002.10.31"]
[Round "9"]
[White "Schuler, Georg"]
[Black "Bergmann, Hans_Dieter"]
[Result "1-0"]
[WhiteElo "2148"]
[BlackElo "1496"]
[PlyCount "96"]
[EventDate "2002.11.??"]

1. c4 Nf6 2. Nc3 d6 3. g3 g6 4. Bg2 Bg7 5. e3 c6 6. Nge2 Nbd7 7. d4 O-O 8. O-O
e5 9. b3 Re8 10. Bb2 e4 11. d5 Ne5 12. dxc6 bxc6 13. Nxe4 Nxe4 14. Bxe4 Bh3 15.
Re1 Bg4 16. Qc2 Bf3 17. Bxe5 Bxe4 18. Qxe4 Bxe5 19. Qxc6 Bxa1 20. Rxa1 Qf6 21.
Nd4 h5 22. h4 a5 23. Rd1 Rac8 24. Qb6 a4 25. Nb5 Qf3 26. Rd2 axb3 27. axb3 Ra8
28. Qd4 Re4 29. Qc3 Ree8 30. Rxd6 Ra2 31. Rd2 Rea8 32. Rxa2 Rxa2 33. Qe1 Re2
34. Qf1 Rd2 35. Nd4 Qg4 36. Qg2 Qd1+ 37. Kh2 Qb1 38. Nf3 Qa2 39. Nxd2 Qxd2 40.
Qa8+ Kg7 41. Kg2 Qb4 42. Qa4 Qb7+ 43. f3 Qe7 44. c5 Qb7 45. g4 hxg4 46. Qxg4
Qxb3 47. h5 Qb2+ 48. Kg3 Qe5+ 1-0

[Event "12sen.WM-H Naumburg"]
[Site "Naumburg/Saale(20.10.-03.11.)"]
[Date "2002.10.31"]
[Round "9"]
[White "Schwertel, Johann"]
[Black "Mietner, Franz"]
[Result "1-0"]
[WhiteElo "2061"]
[BlackElo "1742"]
[PlyCount "44"]
[EventDate "2002.11.??"]

1. d4 Nf6 2. Nf3 g6 3. Bf4 Bg7 4. c3 Nh5 5. Bg5 d6 6. e3 h6 7. Bh4 O-O 8. Be2
f5 9. Nfd2 Nf6 10. f4 Nbd7 11. O-O c5 12. Bf3 d5 13. a4 c4 14. b4 Rb8 15. a5 a6
16. Na3 b5 17. axb6 Qxb6 18. Nc2 Bb7 19. Ra5 e6 20. h3 Ra8 21. Qa1 Rfe8 22. Rb1
Qc6 1-0

[Event "12sen.WM-H Naumburg"]
[Site "Naumburg/Saale(20.10.-03.11.)"]
[Date "2002.10.31"]
[Round "9"]
[White "Shestoperov, Alexej"]
[Black "Taimanow, Mark"]
[Result "1/2-1/2"]
[WhiteElo "2460"]
[BlackElo "2405"]
[PlyCount "23"]
[EventDate "2002.11.??"]

1. d4 Nf6 2. c4 e6 3. Nf3 b6 4. g3 Bb7 5. Bg2 Be7 6. O-O O-O 7. Nc3 Ne4 8. Nxe4
Bxe4 9. Ne1 Bxg2 10. Nxg2 d5 11. Qa4 Qe8 12. Qd1 1/2-1/2

[Event "12sen.WM-H Naumburg"]
[Site "Naumburg/Saale(20.10.-03.11.)"]
[Date "2002.10.31"]
[Round "9"]
[White "Shlakman, Itzhak"]
[Black "Fotland, Hans_Christian"]
[Result "1/2-1/2"]
[WhiteElo "2127"]
[BlackElo "1819"]
[PlyCount "137"]
[EventDate "2002.11.??"]

1. e4 c5 2. Nf3 Nc6 3. d4 cxd4 4. Nxd4 g6 5. Be3 Nf6 6. Nc3 Bg7 7. Qd2 Ng4 8.
Nxc6 bxc6 9. Bd4 O-O 10. Bxg7 Kxg7 11. Be2 d6 12. Bxg4 Bxg4 13. O-O Qc7 14. h3
Be6 15. b3 f6 16. Ne2 Rfd8 17. c4 a5 18. Nc3 Qb6 19. Rac1 Qb4 20. Rfd1 Bf7 21.
Qe3 Qb7 22. Na4 Rab8 23. c5 d5 24. e5 fxe5 25. Qxe5+ Kg8 26. Nb6 Re8 27. Rd4
Rbd8 28. Rh4 e6 29. Ra4 Qb8 30. Qf6 Qc7 31. f4 e5 32. fxe5 Rxe5 33. Rf4 d4 34.
Rd1 d3 35. Nc4 Bxc4 36. bxc4 Qe7 37. Qxe7 Rxe7 38. Rf6 Re4 39. Rd6 Rd4 40. Kf2
R8xd6 41. cxd6 Kf7 42. Ke3 Rxc4 43. Kxd3 Rc5 44. Ke4 Ke8 45. d7+ Kd8 46. Rd6
Rc2 47. g4 Rxa2 48. Rxc6 Kxd7 49. Ra6 a4 50. Kf4 Rh2 51. Kg3 Ra2 52. Kh4 a3 53.
Ra7+ Ke6 54. Rxh7 Rh2 55. Kg5 a2 56. Ra7 Rxh3 57. Rxa2 Rg3 58. Ra6+ Ke7 59.
Rxg6 Kf7 60. Ra6 Rg1 61. Ra7+ Kg8 62. Kh5 Rb1 63. g5 Rb6 64. Re7 Ra6 65. Re8+
Kg7 66. Rb8 Ra7 67. Rb6 Rc7 68. Rg6+ Kh7 69. Rf6 1/2-1/2

[Event "12sen.WM-H Naumburg"]
[Site "Naumburg/Saale(20.10.-03.11.)"]
[Date "2002.10.31"]
[Round "9"]
[White "Simon, Eberhard"]
[Black "Har_Zahav, Avraham"]
[Result "1/2-1/2"]
[WhiteElo "1819"]
[BlackElo "2072"]
[PlyCount "85"]
[EventDate "2002.11.??"]

1. e4 d5 2. exd5 Qxd5 3. Nc3 Qa5 4. d4 Nf6 5. Bc4 Bg4 6. Nf3 Nc6 7. O-O O-O-O
8. Be3 e5 9. d5 Nb4 10. h3 Nbxd5 11. Nxd5 Nxd5 12. Bxd5 Rxd5 13. Qe2 Bh5 14. g4
Bg6 15. Rfd1 Bd6 16. Rxd5 Qxd5 17. c4 Qa5 18. Bd2 Qb6 19. Bc3 f6 20. a3 Qc6 21.
Re1 h5 22. g5 h4 23. gxf6 gxf6 24. Nxe5 Bxe5 25. Qg4+ Qd7 26. Qxg6 Qe6 27. Rxe5
Qg8 28. Rg5 fxg5 29. Qf5+ Kb8 30. Bxh8 Qxh8 31. Qxg5 a6 32. Qd2 Qg8+ 33. Kh2
Qxc4 34. f4 Qb3 35. Qf2 b5 36. f5 Qd5 37. f6 Qe5+ 38. Kh1 Qd5+ 39. Kg1 Qd1+ 40.
Kh2 Qd6+ 41. Kg1 Qd1+ 42. Kh2 Qd6+ 43. Kg1 1/2-1/2

[Event "12sen.WM-H Naumburg"]
[Site "Naumburg/Saale(20.10.-03.11.)"]
[Date "2002.10.31"]
[Round "9"]
[White "Skjoenberg, Sverre"]
[Black "Kaiser, Hans[35BGladb]"]
[Result "1/2-1/2"]
[WhiteElo "1544"]
[BlackElo "1639"]
[PlyCount "60"]
[EventDate "2002.11.??"]

1. c4 e5 2. Nc3 Nc6 3. g3 Bb4 4. Bg2 Nf6 5. a3 Bxc3 6. bxc3 O-O 7. d3 d6 8. Bg5
h6 9. Bxf6 Qxf6 10. Rb1 Nd8 11. Qc2 c6 12. Nf3 Be6 13. Nd2 Qe7 14. O-O d5 15.
cxd5 cxd5 16. Qb2 Rb8 17. Qb4 Qd7 18. Rfe1 Nc6 19. Qb2 b5 20. Qc2 a5 21. Ra1 f5
22. e3 e4 23. d4 Rfc8 24. Nb3 a4 25. Nc5 Qe8 26. Rab1 Na5 27. Bf1 Bd7 28. Rb4
Nc4 29. Bxc4 dxc4 30. Reb1 Bc6 1/2-1/2

[Event "12sen.WM-H Naumburg"]
[Site "Naumburg/Saale(20.10.-03.11.)"]
[Date "2002.10.31"]
[Round "9"]
[White "Stock, Hugo"]
[Black "Klebaner, Yakov"]
[Result "1/2-1/2"]
[WhiteElo "1684"]
[BlackElo "2041"]
[PlyCount "31"]
[EventDate "2002.11.??"]

1. d4 Nf6 2. c4 g6 3. Nc3 Bg7 4. e4 d6 5. Be3 O-O 6. Be2 c6 7. Nf3 Nbd7 8. O-O
e5 9. d5 cxd5 10. cxd5 a6 11. Nd2 Ne8 12. Rc1 f5 13. f3 f4 14. Bf2 g5 15. g4
fxg3 16. hxg3 1/2-1/2

[Event "12sen.WM-H Naumburg"]
[Site "Naumburg/Saale(20.10.-03.11.)"]
[Date "2002.10.31"]
[Round "9"]
[White "Suchsland, Helmut_Dr"]
[Black "Keze, Arnis"]
[Result "1-0"]
[WhiteElo "1786"]
[BlackElo "2046"]
[PlyCount "55"]
[EventDate "2002.11.??"]

1. e4 c5 2. b4 e6 3. bxc5 Bxc5 4. d4 Bb6 5. f4 d5 6. e5 Nc6 7. Nf3 Nge7 8. c3
Bd7 9. Bd3 Rc8 10. Nbd2 Ba5 11. Bb2 Ng6 12. g3 a6 13. Rc1 h5 14. h4 b5 15. Ng5
Qb6 16. a3 Nce7 17. O-O Nf5 18. Rf3 Bxc3 19. Bxc3 Rxc3 20. Rxc3 Qxd4+ 21. Kh1
Nxg3+ 22. Rxg3 Qxc3 23. Nxf7 Nxf4 24. Nd6+ Kd8 25. Qg1 d4 26. N2e4 Bc6 27. Rxg7
Qxd3 28. Qg5# 1-0

[Event "12sen.WM-H Naumburg"]
[Site "Naumburg/Saale(20.10.-03.11.)"]
[Date "2002.10.31"]
[Round "9"]
[White "Thonig, Manfred"]
[Black "Dietze, Otto"]
[Result "1-0"]
[WhiteElo "1569"]
[BlackElo "2126"]
[PlyCount "59"]
[EventDate "2002.11.??"]

1. f4 e5 2. fxe5 d6 3. exd6 Bxd6 4. Nf3 g5 5. g3 g4 6. Nh4 Be7 7. Ng2 h5 8. d4
h4 9. Bf4 Nc6 10. c3 Qd5 11. Rg1 hxg3 12. hxg3 Nf6 13. Bxc7 Bd6 14. Bxd6 Qxd6
15. Qd3 Ne7 16. e4 Nxe4 17. Qxe4 Qxg3+ 18. Ke2 Rh6 19. Qf4 Re6+ 20. Kd2 Qh3 21.
Ne3 Qh4 22. Bb5+ Bd7 23. Bxd7+ Kxd7 24. Nxg4 Qh8 25. Ne5+ Rxe5 26. Qxe5 Qh6+
27. Kc2 Qh7+ 28. Kb3 a5 29. a4 Qh6 30. Na3 1-0

[Event "12sen.WM-H Naumburg"]
[Site "Naumburg/Saale(20.10.-03.11.)"]
[Date "2002.10.31"]
[Round "9"]
[White "Thuma, Horst"]
[Black "Haupt, Joachim"]
[Result "0-1"]
[WhiteElo "1678"]
[BlackElo "1745"]
[PlyCount "114"]
[EventDate "2002.11.??"]

1. e4 c5 2. Nf3 Nc6 3. d4 cxd4 4. Nxd4 Nf6 5. Nc3 d6 6. Be2 g6 7. Be3 Bg7 8. f3
Bd7 9. Qd2 O-O 10. Nb3 Be6 11. Bh6 Qb6 12. Bxg7 Kxg7 13. O-O-O Rfc8 14. Kb1
Bxb3 15. cxb3 Qa5 16. Bc4 Ne5 17. Be2 a6 18. g4 b5 19. h4 b4 20. Nd5 Nxd5 21.
exd5 f6 22. f4 Nf7 23. g5 Qb6 24. Bc4 a5 25. h5 fxg5 26. Rhe1 Ra7 27. hxg6 hxg6
28. Re6 Rh8 29. Rde1 gxf4 30. Qxf4 Rh5 31. Qe4 Rg5 32. Bd3 Ne5 33. Bf1 Qf2 34.
Qe2 Qf5+ 35. Ka1 Rc7 36. Qd1 Qf4 37. Bc4 Nxc4 38. bxc4 Qxc4 39. Rxe7+ Rxe7 40.
Rxe7+ Kf8 41. Qe1 Re5 42. Rxe5 dxe5 43. d6 Qd4 44. Qh1 Qxd6 45. Qh8+ Kf7 46.
Qh7+ Kf6 47. Qh1 Qd2 48. Qf1+ Kg5 49. Qg1+ Kh4 50. Kb1 e4 51. Qh1+ Kg3 52. Qg1+
Qg2 53. Qe3+ Kg4 54. Qb6 Qf1+ 55. Kc2 g5 56. Qe6+ Qf5 57. Qc4 Kg3 0-1

[Event "12sen.WM-H Naumburg"]
[Site "Naumburg/Saale(20.10.-03.11.)"]
[Date "2002.10.31"]
[Round "9"]
[White "Uhlmann, Wolfgang"]
[Black "Katalymov, Boris"]
[Result "1/2-1/2"]
[WhiteElo "2440"]
[BlackElo "2378"]
[PlyCount "120"]
[EventDate "2002.11.??"]

1. c4 e5 2. Nc3 d6 3. Nf3 g6 4. d4 Nd7 5. e4 Bg7 6. Be2 Ne7 7. O-O O-O 8. Be3
c5 9. dxc5 dxc5 10. Qd6 Qb6 11. Qd2 Nc6 12. Na4 Qb4 13. Nxc5 Qxd2 14. Nxd2 Nd4
15. Bxd4 exd4 16. Nd3 a5 17. f4 b6 18. e5 Ba6 19. b3 Rac8 20. Ne4 Rc7 21. Rad1
Rd8 22. Nd6 Nc5 23. Bf3 Bf8 24. Bd5 Bxd6 25. exd6 Rxd6 26. Ne5 d3 27. Rf3 Kf8
28. f5 Kg7 29. Nxd3 Rxd5 30. cxd5 Bxd3 31. f6+ Kh6 32. Rfxd3 Nxd3 33. Rxd3 Kg5
34. b4 axb4 35. d6 Rd7 36. Rd4 Kxf6 37. Rxb4 Rxd6 38. a4 Ke5 39. Rb5+ Ke4 40.
a5 bxa5 41. Rxa5 f5 42. h3 g5 43. Ra2 f4 44. Kf2 Rd3 45. Ra4+ Rd4 46. Ra2 h5
47. Re2+ Kf5 48. Ra2 g4 49. hxg4+ hxg4 50. Ra5+ Ke4 51. Ra2 Rc4 52. Re2+ Kd3
53. Re8 Rc2+ 54. Kf1 Rc1+ 55. Kf2 Rc2+ 56. Kf1 Rc6 57. Kf2 Rg6 58. Re7 Rg8 59.
Re6 Kd4 60. Re2 Rc8 1/2-1/2

[Event "12sen.WM-H Naumburg"]
[Site "Naumburg/Saale(20.10.-03.11.)"]
[Date "2002.10.31"]
[Round "9"]
[White "Unzicker, Wolfgang"]
[Black "Chehlov, Alexander"]
[Result "1-0"]
[WhiteElo "2432"]
[BlackElo "2274"]
[PlyCount "59"]
[EventDate "2002.11.??"]

1. e4 c5 2. Nf3 d6 3. d4 cxd4 4. Nxd4 Nf6 5. Nc3 a6 6. Be2 e6 7. O-O Be7 8. f4
Nc6 9. Be3 Qc7 10. Kh1 O-O 11. Qe1 Bd7 12. a4 Rac8 13. Qf2 Nxd4 14. Bxd4 Bc6
15. Qg3 g6 16. Bf3 Ne8 17. f5 e5 18. Be3 Bf6 19. Bg4 Ra8 20. a5 Bg7 21. Be2 Nf6
22. Qh4 Nd7 23. Bc4 Bf6 24. Qh3 Qd8 25. Bh6 Bg7 26. Rf3 Qe7 27. Raf1 Bh8 28.
fxg6 hxg6 29. Bxf8 Rxf8 30. Rxf7 1-0

[Event "12sen.WM-H Naumburg"]
[Site "Naumburg/Saale(20.10.-03.11.)"]
[Date "2002.10.31"]
[Round "9"]
[White "Vogel, Alfred[37Soemm]"]
[Black "Wilke, Dieter_Dr"]
[Result "1/2-1/2"]
[WhiteElo "1916"]
[BlackElo "1964"]
[PlyCount "49"]
[EventDate "2002.11.??"]

1. e4 c5 2. Nc3 Nc6 3. g3 g6 4. Bg2 Bg7 5. Nge2 e6 6. O-O Nge7 7. d3 O-O 8. Be3
Nd4 9. Qd2 Qa5 10. Nxd4 cxd4 11. Nd5 Qd8 12. Nxe7+ Qxe7 13. Bh6 e5 14. Bxg7
Kxg7 15. f4 d6 16. f5 f6 17. h4 Bd7 18. Rf2 gxf5 19. exf5 Bc6 20. Kh2 d5 21.
Re1 Rg8 22. Rg1 Kh8 23. Bf1 Rad8 24. Be2 e4 25. Qf4 1/2-1/2

[Event "12sen.WM-H Naumburg"]
[Site "Naumburg/Saale(20.10.-03.11.)"]
[Date "2002.10.31"]
[Round "9"]
[White "Vucenovic, Dragomir"]
[Black "Chernikov, Oleg_L"]
[Result "1/2-1/2"]
[WhiteElo "2279"]
[BlackElo "2464"]
[PlyCount "57"]
[EventDate "2002.11.??"]

1. Nf3 c5 2. g3 g6 3. Bg2 Bg7 4. c4 Nc6 5. Nc3 e6 6. O-O Nge7 7. d3 O-O 8. Bd2
b6 9. Rb1 Bb7 10. a3 d5 11. b4 cxb4 12. axb4 a6 13. b5 axb5 14. Nxb5 Qd7 15.
Nc3 dxc4 16. dxc4 Na5 17. Qa4 Qc7 18. Nb5 Qxc4 19. Qxc4 Nxc4 20. Bb4 Bf6 21.
Nd6 Nxd6 22. Bxd6 Ra6 23. Rfe1 Re8 24. e4 Nc8 25. Bc7 Be7 26. Ne5 Bd8 27. Rec1
Ba8 28. Bxd8 Rxd8 29. Rc7 1/2-1/2

[Event "12sen.WM-H Naumburg"]
[Site "Naumburg/Saale(20.10.-03.11.)"]
[Date "2002.10.31"]
[Round "9"]
[White "Waisberg, Arnold"]
[Black "Breustedt, Werner"]
[Result "1/2-1/2"]
[WhiteElo "2063"]
[BlackElo "2264"]
[PlyCount "65"]
[EventDate "2002.11.??"]

1. e4 d6 2. d4 Nf6 3. Nc3 c6 4. a4 e5 5. dxe5 dxe5 6. Qxd8+ Kxd8 7. Bc4 Bb4 8.
Bd2 Be6 9. Bxe6 fxe6 10. O-O-O Ke7 11. Nf3 Nbd7 12. Rhe1 a5 13. h3 Rhf8 14. Ng1
Nh5 15. Re2 h6 16. g3 Rf7 17. Be1 Rd8 18. Re3 Nc5 19. Rxd8 Kxd8 20. Nf3 Nd7 21.
Kd1 Ke7 22. Ke2 Nhf6 23. Nd2 Ne8 24. Nc4 Nd6 25. Nxd6 Kxd6 26. Rd3+ Kc7 27. Rf3
Re7 28. Bd2 Nb6 29. b3 Rd7 30. Rd3 Re7 31. Rf3 Rd7 32. Rd3 Rf7 33. Rf3 1/2-1/2

[Event "12sen.WM-H Naumburg"]
[Site "Naumburg/Saale(20.10.-03.11.)"]
[Date "2002.10.31"]
[Round "9"]
[White "Weber, Siegfried[27Fech]"]
[Black "Schumacher, Ursula"]
[Result "1-0"]
[WhiteElo "1588"]
[BlackElo "1528"]
[PlyCount "61"]
[EventDate "2002.11.??"]

1. e4 c6 2. d4 d5 3. exd5 cxd5 4. c4 Nf6 5. Nc3 Nc6 6. cxd5 Nxd5 7. Bb5 e6 8.
Bxc6+ bxc6 9. Nge2 Bd6 10. O-O O-O 11. Bd2 Bb7 12. Ne4 Be7 13. Nc5 Qc7 14. Qc2
a5 15. a3 Rfd8 16. b4 axb4 17. axb4 Rxa1 18. Rxa1 Ra8 19. Rxa8+ Bxa8 20. Qa4
Qc8 21. Qa7 Bxc5 22. dxc5 Qb7 23. Qa5 Qc8 24. Bf4 Nxf4 25. Nxf4 g6 26. h3 e5
27. Ne2 Bb7 28. Nc3 Qd7 29. Ne4 Kg7 30. Nd6 Bc8 31. Qa8 1-0

[Event "12sen.WM-H Naumburg"]
[Site "Naumburg/Saale(20.10.-03.11.)"]
[Date "2002.10.31"]
[Round "9"]
[White "Weigel, Helmut"]
[Black "Duemmke, Juergen"]
[Result "0-1"]
[WhiteElo "1581"]
[BlackElo "2191"]
[PlyCount "58"]
[EventDate "2002.11.??"]

1. d4 Nf6 2. c4 g6 3. Nc3 d5 4. Nf3 Bg7 5. e3 O-O 6. Bd3 c5 7. cxd5 cxd4 8.
exd4 Nxd5 9. Nxd5 Qxd5 10. Be3 Nc6 11. Qb3 Qxb3 12. axb3 Nb4 13. Bb1 Be6 14.
Bd2 a5 15. O-O Bxb3 16. Be4 Nc6 17. Bxc6 bxc6 18. Rxa5 Rxa5 19. Bxa5 Bd5 20.
Bc3 Bxf3 21. gxf3 Rd8 22. Ra1 Bxd4 23. Bxd4 Rxd4 24. Ra8+ Kg7 25. Rc8 Rc4 26.
b4 Kf6 27. b5 cxb5 28. Rxc4 bxc4 29. Kf1 Ke5 0-1

[Event "12sen.WM-H Naumburg"]
[Site "Naumburg/Saale(20.10.-03.11.)"]
[Date "2002.10.31"]
[Round "9"]
[White "Werchan, Hans_Dr"]
[Black "Hecht, Hans_Joachim"]
[Result "0-1"]
[WhiteElo "2121"]
[BlackElo "2390"]
[PlyCount "78"]
[EventDate "2002.11.??"]

1. Nf3 Nf6 2. c4 Nc6 3. d4 e6 4. g3 Bb4+ 5. Bd2 Qe7 6. Bg2 Bxd2+ 7. Nbxd2 d6 8.
O-O O-O 9. e3 e5 10. d5 Nd8 11. Qc2 a5 12. Nh4 Ng4 13. e4 g6 14. Rae1 Nh6 15.
Qc3 g5 16. Nf5 Nxf5 17. exf5 Bxf5 18. f4 f6 19. fxg5 fxg5 20. g4 Bg6 21. Rxf8+
Kxf8 22. Rf1+ Kg7 23. Be4 Nf7 24. Bf5 Nh6 25. Be6 b6 26. Qe3 Ng8 27. Nf3 h6 28.
Bxg8 Kxg8 29. h4 Rf8 30. hxg5 Rf4 31. gxh6 Rxg4+ 32. Kf2 Be4 33. Ke1 Bxf3 34.
Rxf3 Qh4+ 35. Kd2 Rd4+ 36. Kc2 Rxc4+ 37. Kb3 Rb4+ 38. Ka3 Ra4+ 39. Kb3 Qc4# 0-1